NBER Macroeconomics Annual 1993 Volume 8

Saved in:
Bibliographic Details
Format: Book
Language:English
Published: Cambridge The MIT Press 1993
Edition:1. ed.
Subjects:
Tags: Add Tag
No Tags, Be the first to tag this record!

MARC

LEADER 00000nam a2200000 4500
001 c014765
005 20230314092702.8
020 |a 0-262-52184-9 
041 0 |a eng 
044 |a US 
245 1 0 |a NBER Macroeconomics Annual 1993  |b Volume 8 
250 |a 1. ed. 
264 1 |a Cambridge  |b The MIT Press  |c 1993 
300 |a 377 s. 
610 2 0 |a makroekonomika 
610 2 0 |a výskum ekonomický 
610 2 0 |a USA